Fluid flow (Record no. 43641)

MARC details
000 -LEADER
fixed length control field 00502nam a2200145 a 4500
008 - FIXED-LENGTH DATA ELEMENTS--GENERAL INFORMATION
fixed length control field 120416s1964 ||||||||||||||||| || u
050 ## - LIBRARY OF CONGRESS CALL NUMBER
Classification number TA 357 Sab
100 ## - MAIN ENTRY--PERSONAL NAME
Personal name Sabersky, Rolf H
245 10 - TITLE STATEMENT
Title Fluid flow
246 ## - VARYING FORM OF TITLE
Title proper/short title a first course in fluid mechanics
260 ## - PUBLICATION, DISTRIBUTION, ETC.
Place of publication, distribution, etc. New York
Name of publisher, distributor, etc. Macmillan
Date of publication, distribution, etc. 1964
300 ## - PHYSICAL DESCRIPTION
Extent xvii, 393p. : ill
350 ## - PRICE (NR) (BK AM CF MU VM SE) [OBSOLETE]
Price 0.00
995 ## - RECOMMENDATION 995 [LOCAL, UNIMARC FRANCE]
-- 0.00
-- CBU-MAIN LIBRARY (Kitwe)
-- 1
-- 6.95
-- 1
-- AVAILABLE
-- Annex Low-Usage Collection
Holdings
Withdrawn status Lost status Source of classification or shelving scheme Damaged status Not for loan Home library Current library Shelving location Date acquired Total Checkouts Full call number Barcode Date last seen Price effective from Koha item type
          CBU-MAIN LIBRARY, KITWE. CBU-MAIN LIBRARY, KITWE.   11/30/2022   TA 357 Sab 014116 11/30/2022 11/30/2022 MONOGRAPH